Accounting for management (Record no. 147140)

MARC details
000 -LEADER
fixed length control field 00587nam a22001817a 4500
005 - DATE AND TIME OF LATEST TRANSACTION
control field 20171103124718.0
020 ## - INTERNATIONAL STANDARD BOOK NUMBER
International Standard Book Number 9789380693071
Terms of availability 395.00
035 ## - SYSTEM CONTROL NUMBER
System control number EN-104727
037 ## - SOURCE OF ACQUISITION
Source of stock number/acquisition DBAD/PUB
082 ## - DEWEY DECIMAL CLASSIFICATION NUMBER
Classification number 657.00
100 ## - MAIN ENTRY--PERSONAL NAME
Personal name Rao, B.Parvathiswara
245 ## - TITLE STATEMENT
Title Accounting for management
Statement of responsibility, etc by B.Parvathisawara Rao [and] M.S.V. Prasad
260 ## - PUBLICATION, DISTRIBUTION, ETC. (IMPRINT)
Place of publication, distribution, etc Andhra Pradesh
Name of publisher, distributor, etc Duvvuri Publications
Date of publication, distribution, etc 2011
270 ## - ADDRESS
Address M.I.G.-143,A.P.H.B.Colony, Machilipatnam
City Andhra Pradesh
Postal code 521001
300 ## - PHYSICAL DESCRIPTION
Extent xii,629p.
Dimensions 24cm(Pbk)
700 ## - ADDED ENTRY--PERSONAL NAME
Personal name Prasad, M.S.V.
942 ## - ADDED ENTRY ELEMENTS (KOHA)
Source of classification or shelving scheme Dewey Decimal Classification
Item type English Books
Classification part 657
Call number suffix RAO
Holdings
Withdrawn status Lost status Not for loan Collection code Home library Current library Date acquired Source of acquisition Cost, normal purchase price Full call number Barcode Copy number Cost, replacement price Koha item type
    Not For Loan Non-fiction D.B.Act.Division Bawana 03/11/2017 DBAD/PUB 395.00 657 RAO EN-104727 1 395.00 English Books

© Delhi Public Library
Hit Counter
free hit counter